Beste Bundesliga Torschützen Hamburger SV - Statistiken

Allgemein
  • Dieses Quiz wurde 857 mal gespielt
    31 seit der letzten Aktualisierung
  • Das Durchschnittsergebnis liegt bei 31 aus 64
Antwortstatistiken
Saison Nationalität Tore Spieler % Korrekt
1963/64 Deutschland 30 Uwe Seeler
96%
1964/65 Deutschland 14 Uwe Seeler
96%
1966/67 Deutschland 10 Uwe Seeler
96%
1967/68 Deutschland 12 Uwe Seeler
96%
1968/69 Deutschland 23 Uwe Seeler
96%
1969/70 Deutschland 17 Uwe Seeler
96%
1971/72 Deutschland 11 Uwe Seeler
96%
2012/13 Südkorea 12 Heung-min Son
88%
2007/08 Kroatien 14 Ivica Olić
88%
2008/09 Kroatien 10 Ivica Olić
88%
2014/15 Kroatien 7 Ivica Olić
88%
2009/10 Kroatien 8 Mladen Petrić
88%
2010/11 Kroatien 11 Mladen Petrić
88%
2011/12 Kroatien 7 Mladen Petrić
88%
2005/06 Niederlande 9 Rafael van der Vaart
84%
2006/07 Niederlande 8 Rafael van der Vaart
84%
2000/01 Bosnien und Herzegowina 22 Sergej Barbarez
76%
2004/05 Bosnien und Herzegowina 11 Sergej Barbarez
76%
2005/06 Bosnien und Herzegowina 9 Sergej Barbarez
76%
2012/13 Lettland 12 Artjoms Rudņevs
64%
2016/17 USA 5 Bobby Wood
64%
2025/26 Portugal 7 Fábio Vieira
64%
1979/80 Deutschland 21 Horst Hrubesch
64%
1980/81 Deutschland 17 Horst Hrubesch
64%
1981/82 Deutschland 27 Horst Hrubesch
64%
1982/83 Deutschland 18 Horst Hrubesch
64%
1978/79 England 17 Kevin Keegan
64%
2016/17 Österreich 5 Michael Gregoritsch
64%
2013/14 Deutschland 13 Pierre-Michel Lasogga
56%
1998/99 Ghana 14 Tony Yeboah
52%
1999/00 Ghana 9 Tony Yeboah
52%
2001/02 Argentinien 8 Bernardo Romeo
40%
2002/03 Argentinien 14 Bernardo Romeo
40%
2003/04 Argentinien 11 Bernardo Romeo
40%
2017/18 Deutschland 6 Lewis Holtby
36%
1997/98 Bosnien und Herzegowina 10 Hasan Salihamidžić
32%
1989/90 Polen 10 Jan Furtok
32%
1990/91 Polen 20 Jan Furtok
32%
1991/92 Polen 8 Jan Furtok
32%
1992/93 Deutschland 8 Karsten Bäron
32%
1995/96 Deutschland 14 Harald Spörl
28%
1996/97 Deutschland 8 Harald Spörl
28%
1984/85 Deutschland 15 Thomas von Heesen
28%
1986/87 Deutschland 12 Thomas von Heesen
28%
1993/94 Deutschland 14 Thomas von Heesen
28%
2015/16 Deutschland 9 Nicolai Müller
24%
2016/17 Deutschland 5 Nicolai Müller
24%
1999/00 Deutschland 9 Roy Präger
24%
1987/88 Deutschland 11 Bruno Labbadia
16%
1983/84 Deutschland 15 Dieter Schatzschneider
16%
1975/76 Deutschland 9 Peter Nogly
16%
1973/74 Deutschland 8 Georg Volkert
12%
1999/00 Deutschland 9 Hans Jörg Butt
12%
1994/95 Deutschland 9 Jörg Albertz
8%
1974/75 Deutschland 8 Willi Reimann
8%
1976/77 Deutschland 15 Willi Reimann
8%
1974/75 Deutschland 8 Horst Bertl
4%
1988/89 Deutschland 15 Uwe Bein
4%
1991/92 Deutschland 8 Armin Eck
0%
1977/78 Deutschland 14 Ferdinand Keller
0%
1970/71 Deutschland 13 Franz-Josef Hönig
0%
1972/73 Deutschland 11 Franz-Josef Hönig
0%
1985/86 Deutschland 11 Heinz Gründel
0%
1965/66 Deutschland 18 Manfred Pohlschmidt
0%
Keine übereinstimmenden Quizze gefunden
Verteilung der Resultate
Anzahl Personen mit jedem Resultat
Perzentil nach korrekt beantworteten Fragen
Ihre Resultats-Entwicklung
Sie haben dieses Quiz seit der letzten Aktualisierung nicht gespielt